000 002830000a22000970004500
100 1 _aWatts, R. E.
245 1 0 _aThe meaning of " 'alaw yiqpesû melakîm pîhem" in Isaiah 52:15
300 _aVol. 40, Num. 3 (Julio, 1990), Páginas 327-335
773 0 _tVetus Testamentum
942 _cANA
999 _c57631
_d57631